Normal nie je triler, ale dosť neobvyklý film

Bibliographic Details
Main Author: Kudláč, Jakub (Author)
Format: Article
Language:Slovak
PhysicalDescription:Fotogr.
ISSN:1335-440X
Subjects:

MARC

LEADER 00000nab a2200000 ar4500
001 vtls009525896
003 SK-MaSNL
005 20260303060554.0
008 090615c20090502xo dr|n|||||||000 b|slo
015 |a SNBRB2009/06  |2 snkbucl 
040 |a SNKBUCL  |b slo  |c SNKBUCL  |e AACR2 
041 0 |a slo 
044 |a xo  |c SK 
080 |a 791.221.5  |x (437.3)  |2 2001 
100 1 |a Kudláč, Jakub  |4 aut  |9 757353 
245 1 0 |a Normal nie je triler, ale dosť neobvyklý film  |c Jakub Kudláč 
300 |b Fotogr. 
500 |a Réžia Július Ševčík 
630 0 7 |a Normal (film)  |2 snkbucl  |9 1038871 
648 7 |a 2009  |2 snkbucl  |9 320114 
655 7 |a recenzie  |2 snkbucl  |9 21907 
773 0 |t Sme  |g Roč. 17, č. 100 (2.5.2009), s. 10  |x 1335-440X 
852 |a SNK  |b KIS3GCP 
958 |a CZ 
958 |a RC 
999 |c 1731981  |d 1733911